000 01485nam0a2200373 4500
001 RU\NLR\bibl\449777
005 20260405163141.0
010 _a5-225-04746-7
_95000
021 _aRU
_b2003-34124
_91616
035 _a(NLR Aleph) 000443424
090 _a828459
_c828459
100 _a20030908d2003 |||y0rusy50 ca
101 0 _arus
102 _aRU
105 _aa |||||||||
200 1 _aОстрый гнойный лактационный мастит
_e(Клиника, диагностика, лечение, профилактика)
_fА. П. Чадаев, А. А. Зверев
210 _aМ.
_cМедицина
_d2003
215 _a125,[1] с.
_cил.
_d22
225 1 _aБиблиотека практикующего врача
320 _aБиблиогр.: с. 122-126
606 0 _aГнойный мастит
_91453921
_3RU\NLR\auth\66306432
610 0 _aМолочные железы - Болезни
675 _a618.19-002.3
_v3
_zrus
686 _a76.29
_2rugasnti
686 _a57.15
_2rubbk
686 _aР457.363.101.1
700 1 _4070
_8rus
_7ca
_aЧадаев
_bА. П.
_f- 2007
_gАлексей Павлович
_3RU\NLR\auth\7769350
_952278
701 1 _4070
_8rus
_7ca
_aЗверев
_bА. А.
_cканд. мед. наук
_gАлександр Андреевич
_3RU\NLR\auth\7769337
_952265
801 0 _aRU
_bRKP
_c20030908
_gPSBO
801 1 _aRU
_bRKP
_c20030908
801 2 _aRU
_bNLR
_c20081011
_grcr
942 _cBOOK
980 _aNB